Three-State Borders Quiz Stats

 Plays Quiz Updated Apr 13, 2017

Support Sporcle.
Go Orange.
Score 0/9 Timer 03:00
0 Plays Today
% Correct
???
84.8%
???
68.3%
???
66.6%
???
64.1%
???
62.1%
???
56%
???
54.2%
???
49.3%
???
41.3%

You're not logged in!

Compare scores with friends on all Sporcle quizzes.
OR
Log In
Forgot?

From the Vault

Silver Sluggers (Catcher)

by Frosty

We have the Gold Glove, Silver Slugger, hmmm but nothing Bronze?
Remove Ads.
Support Sporcle.
Get the best of Sporcle when you Go Orange. This ad-free experience offers more features, more stats, and more fun while also helping to support Sporcle. Thank you for becoming a member.

Show Comments

Extras

Top Quizzes Today


Score Distribution

Your Account Isn't Verified!

In order to create a playlist on Sporcle, you need to verify the email address you used during registration. Go to your Sporcle Settings to finish the process.

Report this User

Report this user for behavior that violates our Community Guidelines.

Details: